Spell the Marvel Hero #60 - Statistics

General Stats
  • This quiz has been taken 14 times
  • The average score is 8 of 10
Answer Stats
Picture Answer % Correct
Ant-Man
100%
Doctor Strange
100%
Echo
100%
Firestar
93%
Invisible Woman
93%
Lady Sif
86%
Legacy (Genis-Vell)
79%
Fredzilla
71%
Ricochet
57%
Zero-G
36%
No matching quizzes found
Score Distribution
Percent of People with Each Score
Percentile by Number Answered
Your Score History
You have not taken this quiz